000 00642nam a2200193 a 4500
005 20230524064001.0
008 140521s2004 es r 000 0 spa d
020 _a8423667960
035 _aUPN01000197406
049 _aI
050 4 _aQA135.5
_bB4.2
100 1 _aBesora Oliva, Ramón
_935611
245 1 0 _aAprende los números jugando /
_cRamón Besora ; il. Francesc Rovira.
260 _aBarcelona, Esp. :
_bEdebé,
_c2004.
300 _a[44] p. :
_bil. col.
650 4 _aMatemáticas
_xEstudio y enseñanza (Elemental)
_92809
650 4 _aNUMERO (CONCEPTO MATEMATICO) -
_xESTUDIO Y ENSEÑANZA (ELEMENTAL)
_912132
905 _aInfantil
999 _c169507
_d169507